| 000 | 00325nam a22001337a 4500 | ||
|---|---|---|---|
| 082 |
_a891.4393 _bMOE |
||
| 100 | _aMoeen, Ali | ||
| 245 |
_aAwaz / _cAli Moeen |
||
| 260 |
_aBahawalpur: _bUrdu Ghar publications; _c2014. |
||
| 300 | _a317p. | ||
| 563 | _aHB | ||
| 650 |
_aUrdu novel _afiction _9123832 |
||
| 942 |
_2ddc _cBK |
||
| 999 |
_c609893 _d609893 |
||